Чудо в перьях: рассказы

Bibliographic Details
Main Author: Артемьева (Лифшиц) Г. М. Галина Марковна
Summary:Рассказы Галины Артемьевой — мудрые, тонкие и честные. Все они — о нас, обычных людях, живущих своей привычной жизнью. Это истории о радости и печали, об искушениях и тех обыденных чудесах, которые порой спасают нас в самые тяжелые моменты, о равнодушии и безграничной любви. Творчество Галины Артемьевой высоко оценил литературный критик Лев Аннинский, чье послесловие включено в данную книгу. В сборник вошли рассказы «Дурачок», «Волчицы», «Любовь твоя сияет» и другие произведения.
Language:Russian
Published: Москва, Эксмо, 2012
Series:Лабиринты души. Проза Г. Артемьевой
Subjects:
Format: Book
KOHA link:https://koha.lib.tpu.ru/cgi-bin/koha/opac-detail.pl?biblionumber=245283

MARC

LEADER 00000nam0a2200000 4500
001 245283
005 20231101232121.0
010 |a 9785699555055 
035 |a (RuTPU)RU\TPU\book\266689 
035 |a RU\TPU\book\266678 
090 |a 245283 
100 |a 20131107d2012 m y0rusy50 ca 
101 0 |a rus 
102 |a RU 
105 |a y z 000ay 
200 1 |a Чудо в перьях  |e рассказы  |f Г. М. Артемьева (Лифшиц) 
210 |a Москва  |c Эксмо  |d 2012 
215 |a 316 с. 
225 1 |a Лабиринты души. Проза Г. Артемьевой 
330 |a Рассказы Галины Артемьевой — мудрые, тонкие и честные. Все они — о нас, обычных людях, живущих своей привычной жизнью. Это истории о радости и печали, об искушениях и тех обыденных чудесах, которые порой спасают нас в самые тяжелые моменты, о равнодушии и безграничной любви. Творчество Галины Артемьевой высоко оценил литературный критик Лев Аннинский, чье послесловие включено в данную книгу. В сборник вошли рассказы «Дурачок», «Волчицы», «Любовь твоя сияет» и другие произведения. 
606 1 |a Русская литература современная  |2 stltpush  |3 (RuTPU)RU\TPU\subj\26373  |9 50316 
610 1 |a проза 
610 1 |a рассказы 
675 |a Р2  |v 3 
700 1 |a Артемьева (Лифшиц)  |b Г. М.  |g Галина Марковна 
801 1 |a RU  |b 63413507  |c 20131107 
801 2 |a RU  |b 63413507  |c 20131125  |g RCR 
942 |c BK